000 00624nam a22002417a 4500
003 UA-OsUOA
001 20706
007 ta
008 20031103b un ||||| |||| 00| 0 ukr d
100 _aГинзбург Л.
090 _a929:78
_bГ49
942 _cBK
040 _aUA-OsUOA
_brus
_cUA-OsUOA
_dUA-OsUOA
245 _aА.А. Брандуков
300 _a80 с.
_bІлюстрації
955 _a0
041 _arus
080 _a929:78
260 _aМосква
_bГосударственное музыкальное издательство
_c1951
044 _aRU
650 7 _2UDC
999 _c306887
_d306887